000 00890aam a2200289 4500
001 19420
003 CO-MdFUSB
005 20190202100545.0
008 170227t1987 xxu||||g |||| 00| 0 eng d
020 _a0-87243-190-8
040 _aCO-MdFUSB
_bspa
_cCO-MdFUSB
_dCO-MdFUSB
_erda
041 _aeng
082 _224
_aG 231
_bM478g
100 1 _aMcCabe, Herbert
_eautor
245 0 0 _aGod matters
_c/ Herbert McCabe
264 1 _aSpringfield, Illinois :
_bTemplegate Publishers,
_c℗1987
264 4 _c©1987
300 _a249 páginas
_c; 22 cm.
336 _2rdacontent
_a1
_ba1
337 _2rdamedia
_a2
_b5
338 _2rdacarrier
_a2
_b5
505 0 0 _aDios - La encarnación - La expiación - Los sacramentos - La moralidad y la política - Discursos y sermones
563 _aRústico
650 7 _aDios
_xEnseñanza bíblica
_2
_9323
942 _cBK
999 _c45785
_d45785